Skład FC Barcelony | Sezon 2019-20 - Statystyki

Ogólne statystyki
  • Ten quiz został rozwiązany 748 razy
  • Średni wynik to 15 z 21
Statystyki odpowiedzi
Pozycja Nazwisko % Poprawnych
Bramkarz Marc-André ter Stegen
99%
Napastnik Lionel Messi
98%
Obrońca Gerard Piqué
96%
Napastnik Luis Suárez
95%
Obrońca Jordi Alba
92%
Obrońca Samuel Umtiti
86%
Obrońca Clément Lenglet
84%
Bramkarz Neto
82%
Pomocnik Sergio Busquets
81%
Obrońca Sergi Roberto
81%
Napastnik Ousmane Dembélé
78%
Pomocnik Ivan Rakitić
77%
Napastnik Antoine Griezmann
75%
Obrońca Nélson Semedo
75%
Pomocnik Frenkie de Jong
74%
Pomocnik Arturo Vidal
66%
Pomocnik Arthur Melo
58%
Obrońca Junior Firpo
51%
Obrońca Jean-Clair Todibo
37%
Pomocnik Carles Aleñá
33%
Obrońca Moussa Wagué
20%
Nie znaleziono quizów pasujących do podanych kryteriów
Rozkład punktacji
Procent ludzi z każdym wynikiem
Percentyl według liczby udzielonych odpowiedzi
Twoja historia wyników
Nie rozwiązałeś tego quizu